| 000 | 01397cam a22003374a 4500 | ||
|---|---|---|---|
| 001 | 12435389 | ||
| 003 | OSt | ||
| 005 | 20210920113642.0 | ||
| 008 | 010608s2002 nyua b 001 0 eng | ||
| 010 | _a 2001026938 | ||
| 020 | _a0471349585 (cloth : alk. paper) | ||
| 038 | _akhadija | ||
| 040 |
_aDLC _cDLC _dDLC |
||
| 042 | _apcc | ||
| 050 | 0 | 0 |
_aQA402.5 _b.V42 2002 |
| 082 | 0 | 0 |
_a519.3 _221 _bVEN |
| 100 | 1 |
_aVenkataraman, P. _935770 |
|
| 245 | 1 | 0 |
_aApplied optimization with MATLAB programming / _cP. Venkataraman. |
| 260 |
_aNew York : _bWiley, _cc2002. |
||
| 300 |
_axvii, 398 p. : _bill. ; _c25 cm. |
||
| 504 | _aIncludes bibliographical references and index. | ||
| 563 | _aHard Cover | ||
| 630 | 0 | 0 |
_aMATLAB. _93082 |
| 650 | 0 |
_aMathematical optimization _xData processing. _935771 |
|
| 856 | 4 | 2 |
_3Contributor biographical information _uhttp://www.loc.gov/catdir/bios/wiley044/2001026938.html |
| 856 | 4 | 2 |
_3Publisher description _uhttp://www.loc.gov/catdir/description/wiley037/2001026938.html |
| 856 | 4 |
_3Table of Contents _uhttp://www.loc.gov/catdir/toc/onix05/2001026938.html |
|
| 906 |
_a7 _bcbc _corignew _d1 _eocip _f19 _gy-gencatlg |
||
| 942 |
_2ddc _cBK |
||
| 999 |
_c31527 _d31527 |
||